[Event "High League 2022 men"]
[Site "Obninsk"]
[Date "2022.07.02"]
[Round "6.15"]
[White "Remizov, Yaroslav"]
[Black "Goryachkina, Aleksandra"]
[Result "1/2-1/2"]
[LiveChessVersion "1.4.7"]
[BlackElo "2599"]
[WhiteElo "2390"]

1. e4 {[%clk 1:30:58]} e5 {[%clk 1:30:31]} 2. Nf3 {[%clk 1:31:21]} Nc6
{[%clk 1:30:47]} 3. Bc4 {[%clk 1:31:43]} Bc5 {[%clk 1:30:40]} 4. c3
{[%clk 1:32:06]} Nf6 {[%clk 1:30:51]} 5. d4 {[%clk 1:32:28]} exd4
{[%clk 1:31:04]} 6. e5 {[%clk 1:32:53]} d5 {[%clk 1:30:52]} 7. Bb5
{[%clk 1:33:19]} Ne4 {[%clk 1:30:55]} 8. cxd4 {[%clk 1:33:44]} Bb6
{[%clk 1:30:50]} 9. Nc3 {[%clk 1:34:07]} O-O {[%clk 1:30:21]} 10. Be3
{[%clk 1:34:31]} Bg4 {[%clk 1:30:19]} 11. h3 {[%clk 1:34:47]} Bh5
{[%clk 1:30:18]} 12. Qc2 {[%clk 1:35:07]} Nxc3 {[%clk 1:29:08]} 13. bxc3
{[%clk 1:34:23]} f6 {[%clk 1:29:09]} 14. exf6 {[%clk 1:34:44]} Qxf6
{[%clk 1:29:12]} 15. Be2 {[%clk 1:35:07]} Bg6 {[%clk 1:24:34]} 16. Bd3
{[%clk 1:29:10]} Bxd3 {[%clk 1:22:32]} 17. Qxd3 {[%clk 1:29:30]} Rae8
{[%clk 1:17:01]} 18. O-O {[%clk 1:29:44]} Qf5 {[%clk 1:14:14]} 19. Qxf5
{[%clk 1:23:16]} Rxf5 {[%clk 1:14:43]} 20. Rfe1 {[%clk 1:19:23]} Na5
{[%clk 1:09:06]} 21. Ne5 {[%clk 1:15:41]} c6 {[%clk 1:02:22]} 22. g4
{[%clk 1:10:01]} Rff8 {[%clk 1:01:17]} 23. f4 {[%clk 1:09:44]} Bc7
{[%clk 0:59:40]} 24. f5 {[%clk 1:05:15]} Bxe5 {[%clk 0:53:25]} 25. dxe5
{[%clk 1:05:38]} Rxe5 {[%clk 0:53:42]} 26. Bxa7 {[%clk 1:04:33]} Rfe8
{[%clk 0:53:30]} 27. Rxe5 {[%clk 1:01:50]} Rxe5 {[%clk 0:53:59]} 28. a4
{[%clk 0:50:27]} Re4 {[%clk 0:49:55]} 29. Bb6 {[%clk 0:45:55]} Nb3
{[%clk 0:39:10]} 30. Rb1 {[%clk 0:42:10]} Nd2 {[%clk 0:37:07]} 31. Rb4
{[%clk 0:38:00]} 1/2-1/2

[Event "High League 2022 men"]
[Site "Obninsk"]
[Date "2022.07.02"]
[Round "6.16"]
[White "Murzin, Volodar"]
[Black "Grebnev, Aleksey"]
[Result "1/2-1/2"]
[LiveChessVersion "1.4.7"]
[BlackElo "2439"]
[WhiteElo "2549"]

1. e4 {[%clk 1:30:56]} c5 {[%clk 1:30:53]} 2. Nf3 {[%clk 1:31:20]} d6
{[%clk 1:31:18]} 3. c3 {[%clk 1:31:27]} Nf6 {[%clk 1:31:41]} 4. h3
{[%clk 1:31:46]} Nc6 {[%clk 1:32:05]} 5. Bd3 {[%clk 1:32:09]} g6 {[%clk 1:31:57]}
6. O-O {[%clk 1:30:11]} Bg7 {[%clk 1:31:58]} 7. Bc2 {[%clk 1:30:30]} e5
{[%clk 1:32:01]} 8. d4 {[%clk 1:29:39]} cxd4 {[%clk 1:32:16]} 9. cxd4
{[%clk 1:30:02]} exd4 {[%clk 1:32:43]} 10. Nxd4 {[%clk 1:24:36]} O-O
{[%clk 1:33:06]} 11. Nc3 {[%clk 1:08:36]} d5 {[%clk 1:32:09]} 12. exd5
{[%clk 0:41:27]} Nxd5 {[%clk 1:32:26]} 13. Nxc6 {[%clk 0:41:05]} bxc6
{[%clk 1:32:49]} 14. Nxd5 {[%clk 0:40:55]} Qxd5 {[%clk 1:26:51]} 15. Qxd5
{[%clk 0:34:55]} 1/2-1/2

[Event "High League 2022 men"]
[Site "Obninsk"]
[Date "2022.07.02"]
[Round "6.17"]
[White "Shchukin, Maksim"]
[Black "Makarian, Rudik"]
[Result "1-0"]
[LiveChessVersion "1.4.7"]
[BlackElo "2534"]
[WhiteElo "2361"]

1. Nf3 {[%clk 1:30:36]} e6 {[%clk 1:24:01]} 2. g3 {[%clk 1:30:44]} b5
{[%clk 1:24:25]} 3. Bg2 {[%clk 1:30:52]} Bb7 {[%clk 1:24:47]} 4. a4
{[%clk 1:30:11]} b4 {[%clk 1:25:12]} 5. O-O {[%clk 1:29:31]} Nf6 {[%clk 1:25:37]}
6. d3 {[%clk 1:29:09]} d5 {[%clk 1:13:52]} 7. Nbd2 {[%clk 1:26:55]} Be7
{[%clk 1:12:11]} 8. e4 {[%clk 1:22:12]} O-O {[%clk 1:08:33]} 9. e5
{[%clk 1:09:54]} Nfd7 {[%clk 1:08:56]} 10. Qe2 {[%clk 1:08:59]} c5
{[%clk 1:08:52]} 11. c4 {[%clk 1:06:41]} bxc3 {[%clk 1:08:45]} 12. bxc3
{[%clk 1:07:05]} Nc6 {[%clk 1:08:56]} 13. c4 {[%clk 1:04:12]} Nb4
{[%clk 1:08:46]} 14. Bb2 {[%clk 0:53:48]} Rb8 {[%clk 1:05:12]} 15. Ne1
{[%clk 0:51:56]} Kh8 {[%clk 0:52:28]} 16. f4 {[%clk 0:50:32]} f5 {[%clk 0:52:41]}
17. exf6 {[%clk 0:46:42]} Bxf6 {[%clk 0:52:43]} 18. Bxf6 {[%clk 0:36:03]} Qxf6
{[%clk 0:53:03]} 19. Nef3 {[%clk 0:36:26]} Bc6 {[%clk 0:36:42]} 20. Nb3
{[%clk 0:16:03]} Nxd3 {[%clk 0:23:35]} 21. Qxd3 {[%clk 0:15:40]} dxc4
{[%clk 0:22:46]} 22. Qxc4 {[%clk 0:07:54]} Bd5 {[%clk 0:22:43]} 23. Qc2
{[%clk 0:08:19]} Rxb3 {[%clk 0:21:11]} 24. Ne5 {[%clk 0:03:43]} Rb7
{[%clk 0:20:55]} 25. Rad1 {[%clk 0:02:32]} Nb6 {[%clk 0:18:01]} 26. Bxd5
{[%clk 0:01:23]} exd5 {[%clk 0:14:18]} 27. Qxc5 {[%clk 0:01:43]} Nxa4
{[%clk 0:14:39]} 28. Qxd5 {[%clk 0:01:49]} Qb6+ {[%clk 0:14:55]} 29. Qd4
{[%clk 0:01:56]} Nc3 {[%clk 0:15:13]} 30. Qxb6 {[%clk 0:01:31]} axb6
{[%clk 0:15:42]} 31. Rd3 {[%clk 0:01:18]} Rc7 {[%clk 0:13:52]} 32. Rd7
{[%clk 0:00:52]} Rfc8 {[%clk 0:13:22]} 33. Rxc7 {[%clk 0:00:42]} Rxc7
{[%clk 0:13:51]} 34. Ra1 {[%clk 0:00:50]} Rc8 {[%clk 0:13:34]} 35. Ra7
{[%clk 0:00:59]} Rb8 {[%clk 0:12:36]} 36. Nd7 {[%clk 0:01:01]} Nb5
{[%clk 0:13:03]} 37. Ra1 {[%clk 0:01:00]} Rd8 {[%clk 0:13:26]} 38. Nxb6
{[%clk 0:01:25]} g6 {[%clk 0:13:36]} 39. Ra5 {[%clk 0:00:49]} Nc3
{[%clk 0:13:55]} 40. Ra7 {[%clk 0:31:04]} Rd2 {[%clk 0:42:20]} 41. Nd7
{[%clk 0:29:53]} Nd5 {[%clk 0:41:06]} 42. Ra8+ {[%clk 0:25:39]} Kg7
{[%clk 0:41:34]} 43. Re8 {[%clk 0:25:56]} Kf7 {[%clk 0:39:44]} 44. Re1
{[%clk 0:26:15]} h6 {[%clk 0:35:27]} 45. Ne5+ {[%clk 0:26:12]} Kf6
{[%clk 0:35:48]} 46. Ng4+ {[%clk 0:26:11]} Kg7 {[%clk 0:36:15]} 47. Nf2
{[%clk 0:25:55]} Nf6 {[%clk 0:36:28]} 48. Re7+ {[%clk 0:25:52]} Kf8
{[%clk 0:36:54]} 49. Re6 {[%clk 0:26:06]} 1-0

[Event "High League 2022 men"]
[Site "Obninsk"]
[Date "2022.07.02"]
[Round "6.18"]
[White "Shakirov, Marat"]
[Black "Obgolts, Erik"]
[Result "1/2-1/2"]
[LiveChessVersion "1.4.7"]
[BlackElo "2435"]
[WhiteElo "2290"]

1. d4 {[%clk 1:30:59]} Nf6 {[%clk 1:30:53]} 2. c4 {[%clk 1:31:25]} e6
{[%clk 1:30:46]} 3. Nc3 {[%clk 1:31:31]} Bb4 {[%clk 1:31:09]} 4. Qc2
{[%clk 1:31:57]} c5 {[%clk 1:30:34]} 5. dxc5 {[%clk 1:32:19]} O-O
{[%clk 1:30:59]} 6. Nf3 {[%clk 1:32:13]} Na6 {[%clk 1:31:14]} 7. g3
{[%clk 1:32:05]} Nxc5 {[%clk 1:31:36]} 8. Bg2 {[%clk 1:32:07]} Nce4
{[%clk 1:28:03]} 9. O-O {[%clk 1:32:27]} Bxc3 {[%clk 1:27:38]} 10. bxc3
{[%clk 1:31:01]} Qc7 {[%clk 1:27:24]} 11. Nd4 {[%clk 1:27:10]} d5
{[%clk 1:27:43]} 12. cxd5 {[%clk 1:26:49]} exd5 {[%clk 1:28:10]} 13. Bf4
{[%clk 1:21:27]} Qc5 {[%clk 1:27:54]} 14. Rac1 {[%clk 1:14:45]} Bd7
{[%clk 1:19:19]} 15. Qb3 {[%clk 0:51:14]} b6 {[%clk 1:12:57]} 16. Rfd1
{[%clk 0:33:27]} Rac8 {[%clk 1:09:40]} 17. Be3 {[%clk 0:29:38]} Qa5
{[%clk 1:05:18]} 18. Qb4 {[%clk 0:26:26]} Qa6 {[%clk 0:49:09]} 19. f3
{[%clk 0:24:06]} Rc4 {[%clk 0:49:16]} 20. Qb2 {[%clk 0:24:17]} Nc5
{[%clk 0:48:51]} 21. Nb3 {[%clk 0:24:14]} Ne6 {[%clk 0:46:50]} 22. Bf2
{[%clk 0:22:29]} Ra4 {[%clk 0:46:07]} 23. Rd2 {[%clk 0:22:34]} Bb5
{[%clk 0:46:22]} 24. Bf1 {[%clk 0:19:21]} Bc4 {[%clk 0:46:11]} 25. Qb1
{[%clk 0:19:22]} Re8 {[%clk 0:43:41]} 26. Rb2 {[%clk 0:18:20]} Nd7
{[%clk 0:39:40]} 27. Re1 {[%clk 0:16:49]} Ne5 {[%clk 0:38:05]} 28. Nd2
{[%clk 0:11:56]} Bxa2 {[%clk 0:26:54]} 29. Qf5 {[%clk 0:12:17]} Nc4
{[%clk 0:25:27]} 30. e4 {[%clk 0:12:24]} b5 {[%clk 0:25:14]} 31. Nxc4
{[%clk 0:12:11]} dxc4 {[%clk 0:22:20]} 32. Qxb5 {[%clk 0:11:52]} Qxb5
{[%clk 0:22:10]} 33. Rxb5 {[%clk 0:12:19]} a6 {[%clk 0:21:06]} 34. Rb7
{[%clk 0:10:54]} Bb3 {[%clk 0:21:27]} 35. Ra7 {[%clk 0:11:02]} Ra2
{[%clk 0:21:24]} 36. Re2 {[%clk 0:11:00]} Ra1 {[%clk 0:20:56]} 37. Re1
{[%clk 0:11:04]} Ra2 {[%clk 0:19:31]} 38. Re2 {[%clk 0:04:04]} 1/2-1/2

[Event "High League 2022 men"]
[Site "Obninsk"]
[Date "2022.07.02"]
[Round "6.19"]
[White "Sutormin, Danila"]
[Black "Kotenko, Pavel"]
[Result "1/2-1/2"]
[LiveChessVersion "1.4.7"]
[BlackElo "2323"]
[WhiteElo "2382"]

1. e4 {[%clk 1:25:42]} e5 {[%clk 1:30:51]} 2. Nf3 {[%clk 1:25:43]} Nc6
{[%clk 1:31:14]} 3. Bb5 {[%clk 1:25:43]} a6 {[%clk 1:31:37]} 4. Ba4
{[%clk 1:26:07]} Nf6 {[%clk 1:31:52]} 5. O-O {[%clk 1:26:28]} Be7
{[%clk 1:32:08]} 6. Re1 {[%clk 1:26:47]} b5 {[%clk 1:32:19]} 7. Bb3
{[%clk 1:27:12]} d6 {[%clk 1:32:39]} 8. a4 {[%clk 1:27:35]} Bd7 {[%clk 1:32:51]}
9. Nc3 {[%clk 1:24:03]} Na5 {[%clk 1:31:47]} 10. Ba2 {[%clk 1:20:02]} b4
{[%clk 1:31:42]} 11. Nd5 {[%clk 1:19:25]} Nxd5 {[%clk 1:31:46]} 12. Bxd5
{[%clk 1:19:37]} c6 {[%clk 1:31:04]} 13. Ba2 {[%clk 1:19:58]} c5 {[%clk 1:30:31]}
14. Bd5 {[%clk 1:15:50]} Rb8 {[%clk 1:22:48]} 15. d3 {[%clk 1:12:30]} O-O
{[%clk 1:20:20]} 16. Be3 {[%clk 1:12:30]} Be6 {[%clk 0:51:37]} 17. Bxe6
{[%clk 1:08:23]} fxe6 {[%clk 0:52:03]} 18. Nd2 {[%clk 1:00:23]} Kh8
{[%clk 0:51:23]} 19. Qh5 {[%clk 0:39:54]} Qe8 {[%clk 0:46:19]} 20. Qg4
{[%clk 0:36:31]} Rf6 {[%clk 0:36:18]} 21. h4 {[%clk 0:35:34]} Qd7
{[%clk 0:29:43]} 22. c3 {[%clk 0:29:03]} bxc3 {[%clk 0:27:32]} 23. bxc3
{[%clk 0:29:31]} Rff8 {[%clk 0:27:28]} 24. Rab1 {[%clk 0:21:59]} Bf6
{[%clk 0:23:37]} 25. Nf3 {[%clk 0:21:01]} Nc6 {[%clk 0:18:13]} 26. h5
{[%clk 0:17:36]} h6 {[%clk 0:17:33]} 27. Nd2 {[%clk 0:15:06]} Na5
{[%clk 0:15:58]} 28. Qg6 {[%clk 0:11:35]} Qe7 {[%clk 0:11:30]} 29. Rf1
{[%clk 0:07:14]} Rfc8 {[%clk 0:03:46]} 30. Qg4 {[%clk 0:04:35]} Rf8
{[%clk 0:03:28]} 31. Qg6 {[%clk 0:04:52]} Rfc8 {[%clk 0:03:52]} 32. Qg4
{[%clk 0:05:16]} Rf8 {[%clk 0:04:14]} 33. Rfc1 {[%clk 0:01:29]} Qf7
{[%clk 0:01:04]} 34. Nf3 {[%clk 0:01:07]} Nc6 {[%clk 0:01:06]} 35. Rf1
{[%clk 0:01:18]} Qe7 {[%clk 0:01:12]} 36. Qg6 {[%clk 0:01:26]} Rfc8
{[%clk 0:01:13]} 37. Nh2 {[%clk 0:00:49]} Qe8 {[%clk 0:00:54]} 38. Qg4
{[%clk 0:01:12]} Qe7 {[%clk 0:01:03]} 39. g3 {[%clk 0:01:01]} Rf8
{[%clk 0:01:01]} 40. Qg6 {[%clk 0:31:13]} Qe8 {[%clk 0:30:36]} 41. Rxb8 Qxb8 42.
Qg4 1/2-1/2

[Event "High League 2022 men"]
[Site "Obninsk"]
[Date "2022.07.02"]
[Round "6.20"]
[White "Shapiro, David"]
[Black "Tsvetkov, Andrey"]
[Result "0-1"]
[LiveChessVersion "1.4.7"]
[BlackElo "2398"]
[WhiteElo "2393"]

1. c4 {[%clk 1:30:57]} Nf6 {[%clk 1:29:23]} 2. g3 {[%clk 1:31:17]} c6
{[%clk 1:29:34]} 3. Bg2 {[%clk 1:26:59]} d5 {[%clk 1:29:56]} 4. Qb3
{[%clk 1:26:39]} d4 {[%clk 1:18:25]} 5. d3 {[%clk 1:16:15]} e5 {[%clk 1:17:06]}
6. Nf3 {[%clk 1:10:48]} Bd6 {[%clk 1:11:12]} 7. O-O {[%clk 1:10:11]} O-O
{[%clk 1:10:06]} 8. e4 {[%clk 1:10:15]} c5 {[%clk 1:04:12]} 9. Nh4
{[%clk 0:55:35]} Re8 {[%clk 1:02:07]} 10. Nf5 {[%clk 0:45:27]} Bf8
{[%clk 1:02:35]} 11. f4 {[%clk 0:45:38]} Nc6 {[%clk 1:00:53]} 12. fxe5
{[%clk 0:43:23]} Ng4 {[%clk 1:00:45]} 13. Nd6 {[%clk 0:34:49]} Bxd6
{[%clk 0:59:40]} 14. exd6 {[%clk 0:35:16]} Ne3 {[%clk 0:58:21]} 15. Bxe3
{[%clk 0:26:50]} dxe3 {[%clk 0:58:49]} 16. Nc3 {[%clk 0:27:08]} Nd4
{[%clk 0:48:59]} 17. Qa4 {[%clk 0:23:11]} Bg4 {[%clk 0:43:22]} 18. Rf4
{[%clk 0:20:44]} Bd7 {[%clk 0:42:45]} 19. Qd1 {[%clk 0:13:30]} g5
{[%clk 0:43:12]} 20. Rf3 {[%clk 0:12:29]} Bg4 {[%clk 0:39:06]} 21. Qf1
{[%clk 0:12:50]} Bxf3 {[%clk 0:35:03]} 22. Bxf3 {[%clk 0:13:18]} Qxd6
{[%clk 0:35:31]} 23. Re1 {[%clk 0:11:13]} Nc2 {[%clk 0:27:28]} 24. Re2
{[%clk 0:10:45]} Nb4 {[%clk 0:23:22]} 25. Bh5 {[%clk 0:08:32]} Rf8
{[%clk 0:22:13]} 26. Nd5 {[%clk 0:02:16]} Nxd5 {[%clk 0:19:53]} 27. cxd5
{[%clk 0:02:39]} f5 {[%clk 0:18:08]} 28. Rxe3 {[%clk 0:02:05]} fxe4
{[%clk 0:18:14]} 29. Qe2 {[%clk 0:02:32]} Qxd5 {[%clk 0:16:56]} 30. Rxe4
{[%clk 0:02:55]} Rad8 {[%clk 0:13:11]} 31. Re5 {[%clk 0:02:17]} Qd4+
{[%clk 0:13:39]} 32. Kh1 {[%clk 0:01:27]} Rf1+ {[%clk 0:13:18]} 33. Qxf1
{[%clk 0:00:43]} Qxe5 {[%clk 0:13:47]} 34. Qf7+ {[%clk 0:00:45]} Kh8
{[%clk 0:14:17]} 35. Bf3 {[%clk 0:01:01]} Qg7 {[%clk 0:11:11]} 36. Qh5
{[%clk 0:00:39]} Rf8 {[%clk 0:11:01]} 37. Be4 {[%clk 0:01:00]} Qf7
{[%clk 0:11:28]} 0-1

[Event "High League 2022 men"]
[Site "Obninsk"]
[Date "2022.07.02"]
[Round "6.21"]
[White "Ekdyshman, Mikhail"]
[Black "Shoboev, Dandar"]
[Result "1/2-1/2"]
[LiveChessVersion "1.4.7"]
[BlackElo "2244"]
[WhiteElo "2307"]

1. e4 {[%clk 1:30:58]} e5 {[%clk 1:30:20]} 2. Nf3 {[%clk 1:30:15]} Nc6
{[%clk 1:30:44]} 3. Bc4 {[%clk 1:30:21]} Bc5 {[%clk 1:31:10]} 4. O-O
{[%clk 1:30:32]} Nf6 {[%clk 1:31:36]} 5. d3 {[%clk 1:30:31]} d6 {[%clk 1:31:53]}
6. c3 {[%clk 1:30:36]} a5 {[%clk 1:31:45]} 7. Be3 {[%clk 1:26:16]} Bxe3
{[%clk 1:29:55]} 8. fxe3 {[%clk 1:26:37]} O-O {[%clk 1:29:47]} 9. Qe1
{[%clk 1:20:50]} d5 {[%clk 1:27:43]} 10. exd5 {[%clk 1:21:10]} Nxd5
{[%clk 1:28:12]} 11. Bb5 {[%clk 1:18:39]} f6 {[%clk 1:27:11]} 12. d4
{[%clk 1:14:14]} e4 {[%clk 1:22:07]} 13. Nfd2 {[%clk 1:13:20]} f5
{[%clk 1:22:31]} 14. Na3 {[%clk 1:07:39]} Qg5 {[%clk 1:20:26]} 15. Bc4
{[%clk 1:06:22]} Nce7 {[%clk 1:14:50]} 16. Qg3 {[%clk 1:06:39]} Qxg3
{[%clk 1:14:21]} 17. hxg3 {[%clk 1:07:07]} c6 {[%clk 1:09:53]} 18. Nc2
{[%clk 1:03:48]} h5 {[%clk 1:08:30]} 19. Be2 {[%clk 0:46:02]} g6 {[%clk 1:08:02]}
20. Nc4 {[%clk 0:46:22]} Kg7 {[%clk 1:07:56]} 21. Ne5 {[%clk 0:45:53]} Be6
{[%clk 1:07:39]} 22. a3 {[%clk 0:45:25]} Nf6 {[%clk 1:07:25]} 23. c4
{[%clk 0:44:25]} g5 {[%clk 0:56:20]} 24. b4 {[%clk 0:44:21]} Ng6 {[%clk 0:54:43]}
25. Nxg6 {[%clk 0:42:37]} Kxg6 {[%clk 0:55:12]} 26. Rfb1 {[%clk 0:42:12]} axb4
{[%clk 0:45:36]} 27. axb4 {[%clk 0:42:11]} Nd7 {[%clk 0:45:55]} 28. Kf2
{[%clk 0:17:45]} Nb6 {[%clk 0:43:08]} 29. c5 {[%clk 0:15:52]} Nd5
{[%clk 0:43:33]} 30. Bc4 {[%clk 0:15:30]} Rxa1 {[%clk 0:38:03]} 31. Rxa1
{[%clk 0:09:29]} Nxb4 {[%clk 0:37:29]} 32. Bxe6 {[%clk 0:08:07]} Nxc2
{[%clk 0:37:55]} 33. Rc1 {[%clk 0:05:00]} Nb4 {[%clk 0:38:16]} 34. Rb1
{[%clk 0:05:15]} Nd3+ {[%clk 0:37:58]} 35. Ke2 {[%clk 0:05:35]} f4
{[%clk 0:36:52]} 36. gxf4 {[%clk 0:05:40]} gxf4 {[%clk 0:37:18]} 37. Bc4
{[%clk 0:05:23]} Ra8 {[%clk 0:32:40]} 38. Rxb7 {[%clk 0:01:11]} Ra4
{[%clk 0:32:15]} 39. Bf7+ {[%clk 0:00:50]} Kg5 {[%clk 0:31:36]} 40. Bg8
{[%clk 0:30:34]} Ra1 {[%clk 0:59:51]} 41. exf4+ {[%clk 0:23:02]} Nxf4+
{[%clk 0:59:51]} 42. Kf2 {[%clk 0:22:12]} Rd1 {[%clk 0:51:28]} 43. Rg7+
{[%clk 0:19:55]} Kh6 {[%clk 0:51:02]} 44. Rc7 {[%clk 0:19:36]} Kg5
{[%clk 0:49:03]} 45. Rg7+ {[%clk 0:19:17]} Kf6 {[%clk 0:40:06]} 46. Rf7+
{[%clk 0:19:24]} Kg5 {[%clk 0:40:30]} 47. Rg7+ {[%clk 0:19:46]} Kh6
{[%clk 0:40:58]} 48. Rc7 {[%clk 0:19:56]} Kg5 {[%clk 0:39:23]} 1/2-1/2

[Event "High League 2022 men"]
[Site "Obninsk"]
[Date "2022.07.02"]
[Round "6.22"]
[White "Abrekov, Mussa"]
[Black "Goltsev, Dmitry"]
[Result "0-1"]
[LiveChessVersion "1.4.7"]
[BlackElo "2294"]
[WhiteElo "2133"]

1. Nf3 {[%clk 1:30:59]} d5 {[%clk 1:30:22]} 2. c4 {[%clk 1:31:02]} e6
{[%clk 1:28:17]} 3. g3 {[%clk 1:28:49]} Nf6 {[%clk 1:28:41]} 4. Bg2
{[%clk 1:28:52]} Be7 {[%clk 1:26:45]} 5. O-O {[%clk 1:28:41]} O-O
{[%clk 1:27:05]} 6. b3 {[%clk 1:21:43]} c5 {[%clk 1:27:09]} 7. cxd5
{[%clk 1:21:48]} exd5 {[%clk 1:27:12]} 8. d4 {[%clk 1:22:15]} Nc6
{[%clk 1:27:27]} 9. Bb2 {[%clk 1:21:57]} Ne4 {[%clk 1:26:37]} 10. dxc5
{[%clk 1:12:15]} Bxc5 {[%clk 1:26:17]} 11. Na3 {[%clk 1:09:00]} Re8
{[%clk 1:13:23]} 12. Nc2 {[%clk 1:07:36]} Bg4 {[%clk 1:11:17]} 13. Nfd4
{[%clk 0:53:25]} Nf6 {[%clk 1:09:14]} 14. Ne3 {[%clk 0:44:39]} Nxd4
{[%clk 1:09:21]} 15. Bxd4 {[%clk 0:43:59]} Bxd4 {[%clk 1:05:55]} 16. Qxd4
{[%clk 0:44:08]} Bxe2 {[%clk 1:06:20]} 17. Rfe1 {[%clk 0:44:19]} Bh5
{[%clk 1:06:34]} 18. Nxd5 {[%clk 0:44:18]} Kh8 {[%clk 0:55:29]} 19. Qh4
{[%clk 0:33:21]} Bg6 {[%clk 0:44:22]} 20. Nxf6 {[%clk 0:33:06]} Rxe1+
{[%clk 0:44:45]} 21. Rxe1 {[%clk 0:31:51]} gxf6 {[%clk 0:44:43]} 22. Bxb7
{[%clk 0:30:18]} Rb8 {[%clk 0:45:07]} 23. Bf3 {[%clk 0:28:13]} Kg7
{[%clk 0:45:30]} 24. Qf4 {[%clk 0:26:44]} Rb5 {[%clk 0:43:39]} 25. Rd1
{[%clk 0:22:04]} Qa5 {[%clk 0:43:11]} 26. Qd2 {[%clk 0:19:52]} Qa3
{[%clk 0:43:34]} 27. Re1 {[%clk 0:11:01]} a5 {[%clk 0:41:32]} 28. Re2
{[%clk 0:08:59]} a4 {[%clk 0:41:23]} 29. bxa4 {[%clk 0:08:55]} Rb1+
{[%clk 0:41:03]} 30. Kg2 {[%clk 0:09:14]} Qxa4 {[%clk 0:41:27]} 31. h4
{[%clk 0:08:46]} Rd1 {[%clk 0:40:13]} 32. Qf4 {[%clk 0:04:42]} Qb5
{[%clk 0:38:45]} 33. a4 {[%clk 0:03:27]} Qb1 {[%clk 0:38:45]} 34. Rd2
{[%clk 0:02:07]} Rh1 {[%clk 0:38:51]} 0-1

[Event "High League 2022 men"]
[Site "Obninsk"]
[Date "2022.07.03"]
[Round "7.1"]
[White "Artemiev, Vladislav"]
[Black "Nesterov, Arseniy"]
[Result "1/2-1/2"]
[LiveChessVersion "1.4.7"]
[BlackElo "2566"]
[WhiteElo "2697"]

1. e4 {[%clk 1:29:12]} e5 {[%clk 1:30:53]} 2. Nf3 {[%clk 1:29:25]} Nf6
{[%clk 1:31:18]} 3. Nc3 {[%clk 1:29:26]} Nc6 {[%clk 1:31:43]} 4. Bb5
{[%clk 1:29:17]} Nd4 {[%clk 1:30:53]} 5. O-O {[%clk 1:29:14]} Nxf3+
{[%clk 1:21:01]} 6. Qxf3 {[%clk 1:29:22]} c6 {[%clk 1:20:53]} 7. Be2
{[%clk 1:21:35]} Bb4 {[%clk 0:54:20]} 8. Qg3 {[%clk 0:58:28]} O-O
{[%clk 0:54:17]} 9. d3 {[%clk 0:58:49]} d5 {[%clk 0:46:03]} 10. Bg5
{[%clk 0:40:04]} dxe4 {[%clk 0:36:03]} 11. Rad1 {[%clk 0:35:26]} Qe7
{[%clk 0:35:13]} 12. dxe4 {[%clk 0:20:24]} Kh8 {[%clk 0:27:23]} 13. a3
{[%clk 0:09:55]} Bc5 {[%clk 0:23:01]} 14. Kh1 {[%clk 0:08:58]} h6
{[%clk 0:20:34]} 15. Qh4 {[%clk 0:07:40]} Kg8 {[%clk 0:19:19]} 16. Bc1
{[%clk 0:07:59]} b5 {[%clk 0:07:04]} 17. f4 {[%clk 0:07:27]} exf4
{[%clk 0:07:14]} 18. Bxf4 {[%clk 0:06:44]} Nd5 {[%clk 0:06:34]} 19. Qxe7
{[%clk 0:07:04]} Nxe7 {[%clk 0:07:03]} 20. Na2 {[%clk 0:02:42]} a5
{[%clk 0:02:48]} 21. Nc1 {[%clk 0:02:49]} Be6 {[%clk 0:01:51]} 22. Nd3
{[%clk 0:03:05]} Bb6 {[%clk 0:01:18]} 23. Bd6 {[%clk 0:03:27]} Rfe8
{[%clk 0:01:44]} 24. Nf4 {[%clk 0:00:32]} Nc8 {[%clk 0:00:46]} 25. Be5
{[%clk 0:00:34]} Bc4 {[%clk 0:00:47]} 26. Bxc4 {[%clk 0:00:58]} bxc4
{[%clk 0:00:33]} 27. Bc3 {[%clk 0:01:26]} Rxe4 {[%clk 0:00:34]} 28. Nh5
{[%clk 0:01:52]} Ne7 {[%clk 0:00:37]} 29. Nxg7 {[%clk 0:00:36]} Nd5
{[%clk 0:00:51]} 30. Nh5 {[%clk 0:00:43]} Nxc3 {[%clk 0:00:38]} 31. bxc3
{[%clk 0:01:09]} Re2 {[%clk 0:00:33]} 32. g3 {[%clk 0:00:40]} Rd8
{[%clk 0:00:44]} 33. Rxd8+ {[%clk 0:00:37]} Bxd8 {[%clk 0:01:13]} 34. Rf4
{[%clk 0:01:06]} Re5 {[%clk 0:00:40]} 35. g4 {[%clk 0:01:16]} Re1+
{[%clk 0:00:46]} 36. Kg2 {[%clk 0:01:45]} Re2+ {[%clk 0:01:11]} 37. Kf3
{[%clk 0:01:44]} Rxh2 {[%clk 0:00:57]} 38. Rxc4 {[%clk 0:02:03]} Rxc2
{[%clk 0:01:23]} 39. Rxc6 {[%clk 0:02:19]} Be7 {[%clk 0:01:49]} 40. a4
{[%clk 0:32:14]} Ra2 {[%clk 0:30:53]} 41. Rc4 {[%clk 0:30:16]} Bg5
{[%clk 0:28:13]} 42. Ng3 {[%clk 0:19:14]} Kh7 {[%clk 0:28:16]} 43. Nf5
{[%clk 0:14:48]} Kg6 {[%clk 0:27:59]} 44. Nd6 {[%clk 0:12:35]} Be7
{[%clk 0:23:52]} 45. Ne4 {[%clk 0:07:51]} Bg5 {[%clk 0:22:53]} 46. Rd4
{[%clk 0:07:42]} f6 {[%clk 0:15:38]} 47. Nd6 {[%clk 0:04:39]} h5 {[%clk 0:10:59]}
48. gxh5+ {[%clk 0:04:57]} Kxh5 {[%clk 0:11:28]} 49. Ke4 {[%clk 0:04:49]} Kg6
{[%clk 0:11:30]} 50. Kf3 {[%clk 0:02:25]} 1/2-1/2

[Event "High League 2022 men"]
[Site "Obninsk"]
[Date "2022.07.03"]
[Round "7.2"]
[White "Chigaev, Maksim"]
[Black "Sjugirov, Sanan"]
[Result "1/2-1/2"]
[LiveChessVersion "1.4.7"]
[BlackElo "2696"]
[WhiteElo "2631"]

1. d4 {[%clk 1:30:49]} Nf6 {[%clk 1:29:40]} 2. c4 {[%clk 1:31:04]} e6
{[%clk 1:30:01]} 3. Nf3 {[%clk 1:31:24]} d5 {[%clk 1:30:13]} 4. g3
{[%clk 1:31:38]} Be7 {[%clk 1:30:27]} 5. Bg2 {[%clk 1:31:00]} O-O
{[%clk 1:30:48]} 6. O-O {[%clk 1:29:24]} dxc4 {[%clk 1:30:00]} 7. Qc2
{[%clk 1:29:01]} a6 {[%clk 1:29:50]} 8. a4 {[%clk 1:29:15]} Bd7 {[%clk 1:30:02]}
9. Qxc4 {[%clk 1:29:25]} Bc6 {[%clk 1:30:25]} 10. Bf4 {[%clk 1:29:30]} Bd6
{[%clk 1:30:07]} 11. Qc1 {[%clk 1:29:30]} a5 {[%clk 1:30:01]} 12. Nc3
{[%clk 1:23:19]} Na6 {[%clk 1:29:26]} 13. Bd2 {[%clk 1:14:17]} Re8
{[%clk 1:29:14]} 14. Rd1 {[%clk 1:08:36]} 1/2-1/2